Movies by Pumpkins Quiz Stats

 Plays Quiz Updated Oct 14, 2017

Challenge
Share
Tweet
Score 0/25 Timer 06:00
2 Plays Today
% Correct
Shrek
97.8%
Ghostbusters
96.9%
Frozen
96.7%
Indiana Jones
96.7%
The Lion King
96.7%
Pirates of the
Caribbean
96.6%
Iron Man
96.5%
Toy Story
96.4%
Avatar
96.2%
The Nightmare
Before Christmas
95.7%
The Blues Brothers
95.3%
Rocky
95.3%
The Terminator
95.2%
% Correct
The Dark Knight
95.2%
The Hunger Games
95%
Back to the Future
94.7%
The Lord of the Rings
94.6%
Harry Potter
94.3%
The Notebook
93.9%
The Shining
92%
Child's Play
91.4%
The Silence
of the Lambs
91.3%
Psycho
89.4%
Poltergeist
89.2%
Titanic
87.6%

You're not logged in!

Compare scores with friends on all Sporcle quizzes.
OR
Log In

You Might Also Like...

Show Comments

Extras

Top Quizzes Today


Score Distribution

Your Account Isn't Verified!

In order to create a playlist on Sporcle, you need to verify the email address you used during registration. Go to your Sporcle Settings to finish the process.

Report this User

Report this user for behavior that violates our Community Guidelines.

Details: